[Event "Warsaw YMCA Autumn-C 82nd"]
[Site "Warsaw"]
[Date "2010.10.06"]
[Round "3"]
[White "Szukalski, Antoni"]
[Black "Boguszewski, Pawel"]
[Result "1-0"]
[WhiteElo "1835"]
[BlackElo "1858"]
[PlyCount "45"]
[EventDate "2010.09.22"]
[EventType "tourn"]
[EventRounds "13"]
[EventCountry "POL"]
[SourceTitle "EXT 2019"]
[Source "ChessBase"]
[SourceDate "2018.10.10"]
[SourceVersion "1"]
[SourceVersionDate "2018.10.10"]
[SourceQuality "1"]

1. e4 c5 2. c3 d5 3. exd5 Qxd5 4. Nf3 Bg4 5. Be2 e6 6. Qa4+ Nc6 7. Qxg4 Nf6 8. Qc4 Qf5 9. Qd3 Qg4 10. 0-0 Rd8 11. Qc2 Bd6 12. d4 Qh5 13. h3 cxd4 14. cxd4 h6 15. Be3 Nd5 16. Nc3 Nf4 17. Bxf4 Bxf4 18. Rad1 g5 19. Ne5 Qh4 20. Nxc6 bxc6 21. Qe4 Rg8 22. Qf3 h5 23. Qxh5 1-0

[Event "Warsaw YMCA Autumn-C 82nd"]
[Site "Warsaw"]
[Date "2010.09.29"]
[Round "2"]
[White "Boguszewski, Pawel"]
[Black "Milczarek, Robert"]
[Result "1/2-1/2"]
[WhiteElo "1858"]
[BlackElo "1838"]
[PlyCount "37"]
[EventDate "2010.09.22"]
[EventType "tourn"]
[EventRounds "13"]
[EventCountry "POL"]
[SourceTitle "EXT 2019"]
[Source "ChessBase"]
[SourceDate "2018.10.10"]
[SourceVersion "1"]
[SourceVersionDate "2018.10.10"]
[SourceQuality "1"]

1. e4 c5 2. Nf3 d6 3. d4 cxd4 4. Nxd4 Nf6 5. Nc3 a6 6. Bc4 e6 7. a3 b5 8. Ba2 Bb7 9. Qe2 Nc6 10. Nxc6 Bxc6 11. 0-0 Be7 12. f4 0-0 13. f5 e5 14. Kh1 h6 15. Rf3 Rc8 16. Rg3 Kh7 17. Bd2 Qc7 18. Rf1 Qb7 19. Re1 1/2-1/2

[Event "Warsaw YMCA Spring-A 78th"]
[Site "Warsaw"]
[Date "2010.05.28"]
[Round "8"]
[White "Boguszewski, Pawel"]
[Black "Pazderska, Magdalena"]
[Result "1-0"]
[WhiteElo "1881"]
[BlackElo "1742"]
[PlyCount "73"]
[EventDate "2010.04.06"]
[EventType "tourn"]
[EventRounds "13"]
[EventCountry "POL"]
[SourceTitle "EXT 2011"]
[Source "ChessBase"]
[SourceDate "2010.11.26"]
[SourceVersion "1"]
[SourceVersionDate "2010.11.26"]
[SourceQuality "1"]

1. e4 c5 2. Nf3 Nc6 3. d4 cxd4 4. Nxd4 Nf6 5. Nc3 e5 6. Ndb5 d6 7. Bg5 a6 8. Na3 b5 9. Bxf6 gxf6 10. Nd5 Bg7 11. Bd3 Ne7 12. Nxe7 Qxe7 13. 0-0 Bb7 14. c4 b4 15. Qa4+ Qd7 16. Qxb4 0-0 17. Nc2 Rab8 18. Qe1 Ba8 19. Rb1 Qa4 20. a3 Rfc8 21. Ne3 Qd7 22. Qe2 Kh8 23. Rfd1 a5 24. b3 Qe7 25. Nf5 Qf8 26. Bc2 Rb6 27. Re1 Rc7 28. b4 axb4 29. axb4 Qc8 30. Bd3 Bf8 31. b5 Qe6 32. Ra1 Qc8 33. Qh5 Rd7 34. Re3 Be7 35. Rh3 Kg8 36. Qxh7+ Kf8 37. Qh8# 1-0

[Event "Warsaw Hetmanie-A 1st"]
[Site "Warsaw"]
[Date "2010.01.21"]
[Round "3"]
[White "Boguszewski, Pawel"]
[Black "Jarmolowski, Tadeusz"]
[Result "0-1"]
[WhiteElo "1858"]
[BlackElo "1702"]
[PlyCount "134"]
[EventDate "2010.01.04"]
[EventType "tourn"]
[EventRounds "11"]
[EventCountry "POL"]
[SourceTitle "EXT 2023"]
[Source "ChessBase"]
[SourceDate "2022.10.05"]
[SourceVersion "1"]
[SourceVersionDate "2022.10.05"]
[SourceQuality "1"]

1. e4 d5 2. exd5 Qxd5 3. Nc3 Qd6 4. d4 Nf6 5. Bc4 Be6 6. d5 Bg4 7. f3 Bf5 8. Nge2 Nbd7 9. Bf4 Qc5 10. Bb3 0-0-0 11. Na4 Qa5+ 12. Bd2 Qa6 13. 0-0 e6 14. Nd4 Nc5 15. Nxf5 Nxa4 16. dxe6 fxe6 17. Ng3 Bc5+ 18. Kh1 Be3 19. Bxe3 Rxd1 20. Rfxd1 Rd8 21. Rxd8+ Kxd8 22. Rd1+ Kc8 23. Rd4 Nc5 24. Bc4 Qc6 25. b4 b5 26. Bf1 Ncd7 27. a4 Qxc2 28. axb5 Nb6 29. Rd2 Qc3 30. Rd3 Qxb4 31. Bd2 Qb1 32. Re3 Qa2 33. Re2 Qd5 34. Bf4 h6 35. Rd2 Qb3 36. Be5 Nbd5 37. b6 axb6 38. h3 Kb7 39. Ne4 Nxe4 40. fxe4 Qb1 41. Kg1 Ne3 42. Rf2 Nxf1 43. Rxf1 Qxe4 44. Bxg7 Qg6 45. Be5 Qe4 46. Bg3 c5 47. Kh2 Kc6 48. Re1 Qc4 49. Rd1 Qe2 50. Re1 Qa2 51. Rd1 Kb5 52. Bf4 h5 53. Rd2 Qa1 54. g4 hxg4 55. hxg4 c4 56. g5 Qb1 57. Rg2 Qg6 58. Rb2+ Ka6 59. Be3 b5 60. Ra2+ Kb7 61. Ra7+ Kc6 62. Kg3 b4 63. Ra5 Qe4 64. Bf4 c3 65. Re5 Qc4 66. Kg4 c2 67. g6 c1Q 0-1